Normal view MARC view
  • Indri, Marina

Entry Personal Name

Number of records used in: 1

001 - CONTROL NUMBER

  • control field: 98811

003 - CONTROL NUMBER IDENTIFIER

  • control field: NUST

005 - DATE AND TIME OF LATEST TRANSACTION

  • control field: 20220907122837.0

008 - FIXED-LENGTH DATA ELEMENTS

  • fixed length control field: 220907|| aca||aabn | a|a d

040 ## - CATALOGING SOURCE

  • Original cataloging agency: NUST
  • Transcribing agency: NUST

100 ## - HEADING--PERSONAL NAME

  • Personal name: Indri, Marina

670 ## - SOURCE DATA FOUND

  • Source citation: Work cat.: (NUST): Indri, Marina, Mechatronics And Robotics: , 2021.
© 2023 Central Library, National University of Sciences and Technology. All Rights Reserved.